A new city geography (Record no. 115028)

MARC details
000 -LEADER
fixed length control field 01110cam a22002055a 4500
001 - CONTROL NUMBER
control field L157914
008 - FIXED-LENGTH DATA ELEMENTS--GENERAL INFORMATION
fixed length control field 130717s2013 xxk f 000 0 eng d
035 ## - SYSTEM CONTROL NUMBER
System control number (Sirsi) u157914
041 0# - LANGUAGE CODE
Language code of text/sound track or separate title eng
110 2# - MAIN ENTRY--CORPORATE NAME
Corporate name or jurisdiction name as entry element Cluttons
9 (RLIN) 2064
245 02 - TITLE STATEMENT
Title A new city geography
Medium [electronic resource]
260 ## - PUBLICATION, DISTRIBUTION, ETC.
Place of publication, distribution, etc. London
Name of publisher, distributor, etc. Cluttons
Date of publication, distribution, etc. 2013
490 #0 - SERIES STATEMENT
Series statement Cluttons Occasional Paper Series
Volume/sequential designation Summer 2013
520 ## - SUMMARY, ETC.
Summary, etc. Assesses the impact the Technology, Media and Telecommunications (TMT) sector is having on the London City and City Fringe office market sectors. There is a growing trend of mainstream companies moving into the West and East city fringe areas due to lower occupation costs and available space for expansion and able to meet requirements for flexible working practices and attract and retain young viabrant professional staff.
590 ## - LOCAL NOTE (RLIN)
Local note KA
651 #4 - SUBJECT ADDED ENTRY--GEOGRAPHIC NAME
Geographic name London
690 ## - LOCAL SUBJECT ADDED ENTRY--TOPICAL TERM (OCLC, RLIN)
Topical term or geographic name as entry element Commercial property
9 (RLIN) 6227
856 40 - ELECTRONIC LOCATION AND ACCESS
Uniform Resource Identifier <a href="https://www.cluttons.com/sites/default/files/documents/A%20new%20City%20geography%20-%20Summer%202013.pdf ">https://www.cluttons.com/sites/default/files/documents/A%20new%20City%20geography%20-%20Summer%202013.pdf </a>
Public note View the item free of charge from the www.cluttons.com website.
942 ## - ADDED ENTRY ELEMENTS (KOHA)
Suppress in OPAC 0
Holdings
Withdrawn status Lost status Source of classification or shelving scheme Damaged status Not for loan Home library Current library Shelving location Date acquired Total Checkouts Full call number Barcode Date last seen Copy number Price effective from Koha item type
    Dewey Decimal Classification     Virtual Virtual Online 17/07/2013   ONLINE PUBLICATION 157914-2001 06/08/2019 1 06/08/2019 Book